| 000 | 00533nam a2200169Ia 4500 | ||
|---|---|---|---|
| 008 | 230917s9999||||xx |||||||||||||| ||und|| | ||
| 020 | _cEUR79.99 | ||
| 040 |
_e256256 _aMAIN |
||
| 041 | _aEnglish | ||
| 082 | _a658.3 M295S | ||
| 100 | _aMalik, Ashish, ed. | ||
| 245 | 0 | _aStrategic human resource management and employment relations: An international perspective | |
| 260 |
_aSingapore _bSpringer Nature _c2018 |
||
| 300 | _axii, 271 p. | ||
| 500 | _a3503 15/07/2019 APD19/1098629 17/07/2019 IMSAR (Dev. & Research) | ||
| 942 | _cBK | ||
| 999 |
_c31633 _d31633 |
||